Fr. Conceicao Rodrigues College of Engineering

Geometric dimensioning and tolerancing (Record no. 31948)

MARC details
000 -LEADER
fixed length control field 00331nam a2200145Ia 4500
082 ## - DEWEY DECIMAL CLASSIFICATION NUMBER
Classification number 620.0045
Item number MEA
100 ## - MAIN ENTRY--PERSONAL NAME
Personal name Meadows/James D
245 ## - TITLE STATEMENT
Title Geometric dimensioning and tolerancing
260 ## - PUBLICATION, DISTRIBUTION, ETC.
Name of publisher, distributor, etc. Marcel Dekker
Date of publication, distribution, etc. 1995
366 ## - TRADE AVAILABILITY INFORMATION
Publishers's discount category 25
300 ## - PHYSICAL DESCRIPTION
Extent 603
546 ## - LANGUAGE NOTE
Language note ENGLISH
-- Info.Tech
654 ## - SUBJECT ADDED ENTRY--FACETED TOPICAL TERMS
Focus term dimensioning
942 ## - ADDED ENTRY ELEMENTS (KOHA)
Koha item type Reference Book
Holdings
Withdrawn status Lost status Damaged status Not for loan Collection Home library Current library Date acquired Source of acquisition Cost, normal purchase price Inventory number Total Checkouts Full call number Barcode Date last seen Cost, replacement price Price effective from Koha item type
        CRC Fr. Agnel's C.Rodrigues College of Engineering Fr. Agnel's C.Rodrigues College of Engineering 17/03/2023 Milan Book Supplier 2652.75 2111 dt 25/05/2010   620.0045 MEA 20679 17/03/2023 3537.00   Reference Book